| 000 | 00885nam a2200217Ia 4500 | ||
|---|---|---|---|
| 999 |
_c36674 _d36674 |
||
| 001 | 2601 | ||
| 003 | GE_BSU | ||
| 005 | 20220927115738.0 | ||
| 008 | 181216s2006||||ge |||||||||||||| ||geo|| | ||
| 020 | _a9994081578 | ||
| 040 | _cGE_BSU | ||
| 041 | _ageo | ||
| 080 | _a330 ჩ–69 | ||
| 100 |
_aჩიქავა, ლეო _914844 |
||
| 245 |
_aინოვაციური ეკონომიკა : _b[მონოგრაფია] / _cლეო ჩიქავა ; საქ. მეცნ. ეროვნ. აკად., დემოგრ. და სოც. კვლევ. ინ-ტი. |
||
| 264 |
_aთბილისი : _bსიახლე, _c. |
||
| 300 |
_a452 გვ. ; _b20 სმ. |
||
| 504 | _aბიბლიოგრ. ტექსტ. შენიშვნ. | ||
| 653 | _aინოვაციური ეკონომიკა | ||
| 942 |
_cBK _2udc |
||